000 00938nam a2200241 i 4500
001 26670
003 ES-MaACL
005 20250702063038.0
007 t|
008 030110s1977 fr ||||1| spa d
100 1 _aAsturias, Miguel Ángel,
_d1899-1974
_923701
245 1 0 _aTres de cuatro soles
_b: (edición crítica) /
_cMiguel Angel Asturias ; homenaje: Aimé Césaire ; prefacio: Manuel Bataillon... ; introducción y notas: Dorita Nouhaud...
250 _a1ª ed.
260 _aParis, etc :
_bKlincksieck, etc,
_c[1977]
300 _a124 p. ;
_c24 cm.
490 1 _aEdición crítica de las obras completas de Miguel Angel Asturias ;
_v19
700 1 _aCésaire, Aimé.
_937670
700 1 _aBataillon, Manuel.
_926395
700 1 _aNouhaud, Dorita.
_986035
830 0 _aEdición crítica de las obras completas de Miguel Angel Asturias ;
_v19
_9181059
852 _aES-MaACL
_jL-7103
999 _c26670
_d26670